000 01844nam a2200457 i 4500
001 5234056
003 CZ PrSKC
005 20260428082335.0
007 ta
008 260423s2026 xr a a 000 u cze
020 _a9788027529308
040 _aABG001
_bcze
_erda
041 1 _acze
_hpol
072 7 _a821-93-053.4
_xLiteratura pro nejmenší děti
_2Konspekt
080 _a821-193
_2MRF
080 _a821-93-053.4
_2MRF
080 _a(0.025.2)
_2MRF
100 1 _aPlebański, Tomasz
_4aut
_920712
240 1 0 _aZasypianka.
_lČesky
245 1 0 _aRok v lese Uspávanka /
_pUspávanka /
_cTomasz Plebański, Emilia Dziubaková
246 3 0 _aUspávanka
250 _aPrvní vydání
264 1 _aBrno :
_bHost,
_c2026
300 _a26 nečíslovaných stran :
_bbarevné ilustrace ;
_c17 x 20 cm
500 _aKartonové listy
500 _aText Tomasz Plebański, ilustrace Emilia Dziubaková
500 _aZ polštiny přeložil Michael Alexa
520 2 _aObrázková knížka s celostránkovými ilustracemi na pevných listech, o putování malého ptáčka lesem, pro všechny děti ke klidnému usínání.
_bZvídavá straka prochodí celý les, aby nakoukla do všech pelíšků se spícími zvířátky, až se i jí nakonec začnou klížit očka. Zábavná veršovánka k usínání tematicky navazuje na oblíbenou knihu od stejné ilustrátorky: Rok v lese.
655 7 _aříkadla
_9478
655 7 _aleporela
_9906
655 7 _apublikace pro nejmenší děti
_99680
655 9 _achildren's poetry
_9479
655 9 _afolding picture-books
_97353
655 9 _apublications for small children
_99681
700 1 _aDziubak, Emilia,
_d1982-
_4ill
_95086
700 1 _aAlexa, Michael,
_d1989-
_4trl
710 2 _aHost (vydavatelství)
_4pbl
765 1 _tRok w lesie
910 _aABG508
999 _c34217
_d34217